| 000 | 00982pam a2200289 a 4500 | ||
|---|---|---|---|
| 001 | 534411 | ||
| 003 | ARRUPE | ||
| 005 | 20150224020007.0 | ||
| 008 | 871116t19881987nyuaf b 001 0deng | ||
| 010 | _a 87032738 | ||
| 020 | _a080761193X | ||
| 040 |
_aDLC _cDLC _dDLC |
||
| 050 | 0 | 0 |
_aQ125 _b.M3165 1988 |
| 082 | 0 | 0 |
_a509 _219 |
| 245 | 0 | 0 |
_aMan masters nature : _btwenty-five centuries of science / _cedited by Roy Porter. |
| 260 |
_aNew York : _bG. Braziller, _c1988, c1987. |
||
| 300 |
_a233 p., [4] p. of plates : _bill. ; _c24 cm. |
||
| 500 | _aTo accompany the BBC radio series Man masters nature first broadcast from spring 1987. | ||
| 500 | _aIncludes index. | ||
| 504 | _aBibliography: p. 217-224. | ||
| 650 | 0 |
_aScience _xHistory. _99985 |
|
| 650 | 0 |
_aScientists _xBiography. _99986 |
|
| 700 | 1 |
_aPorter, Roy, _d1946-2002. _99987 |
|
| 740 | 0 | _aTwenty-five centuries of science. | |
| 906 |
_a7 _bcbc _corignew _d1 _eocip _f19 _gy-gencatlg |
||
| 942 |
_2lcc _cMONOGRAPH _03 |
||
| 999 |
_c120441 _d120441 |
||